Historical figures - Statistics

General Stats
  • This quiz has been taken 89 times
  • The average score is 9 of 20
Answer Stats
Picture Answer % Correct
Elvis Presley
97%
Nelson Mandela
97%
Fidel Castro
86%
Saddam Hussein
83%
Isaac Newton
81%
Charles Darwin
80%
Mikhail Gorbachev
71%
Nikola Tesla
70%
Erwin Rommel
46%
Simon Bolivar
36%
Pele
34%
Chiang Kai-shek
29%
James Cook
27%
Franz Ferdinand
24%
Voltaire
23%
Ferdinand Magellan
13%
William Butler Yeats
10%
Giuseppe Garibaldi
9%
Niels Bohr
9%
Antoni Gaudi
3%
No matching quizzes found
Score Distribution
Percent of People with Each Score
Percentile by Number Answered
Your Score History
You have not taken this quiz